|
|
|
|
| LEADER |
00000nam a2200000 4500 |
| 001 |
CDOM0000002605 |
| 003 |
mi |
| 005 |
20250731104227.0 |
| 008 |
250731b |||||||| |||| 00| 0 eng d |
| 040 |
|
|
|c mi
|
| 100 |
|
|
|a Salvatori, Claudia
|
| 245 |
1 |
|
|a Più tardi da Amelia
|
| 942 |
|
|
|2 ddc
|c BK
|
| 952 |
|
|
|0 0
|1 0
|2 ddc
|4 0
|7 0
|9 8736
|a MI
|b MI
|d 1988-02-01
|i 794
|l 0
|p CDOM794
|r 2025-07-17 21:50:34
|w 2025-07-17
|x ACQUISTO
|y BK
|
| 952 |
|
|
|0 0
|1 0
|2 ddc
|4 0
|7 0
|9 8737
|a MI
|b MI
|d 1988-02-01
|i 795
|l 0
|p CDOM795
|r 2025-07-17 21:50:34
|w 2025-07-17
|x ACQUISTO
|y BK
|
| 999 |
|
|
|c 7263
|d 7263
|